| 000 | 00796nam a2200241 a 4500 | ||
|---|---|---|---|
| 999 |
_c12090 _d12090 |
||
| 001 | 12090 | ||
| 003 | BD-JhCC | ||
| 005 | 20220322134023.0 | ||
| 008 | 210314b19922019bg |||| ||a| 000 0 ben d | ||
| 020 | _a9843109325 | ||
| 035 | _a(BD-JhCC)12090 | ||
| 040 |
_aBD-JhCC _dBD-JhCC |
||
| 041 | _aBengali | ||
| 082 |
_a297.2 _bASA 2019 |
||
| 100 | _aআসাদ, আবুল | ||
| 245 |
_aআমরা সেই সে জাতি / _cআবুল আসাদ । |
||
| 260 |
_aঢাকা: _bবাংলাদেশ ইসলামিক সেন্টার; _c২০১৯. |
||
| 300 |
_a140 p. : _c18 cm |
||
| 500 | _a(প্রথম খন্ড,দ্বিতিয় খন্ড,তৃতীয় খন্ড) | ||
| 650 | _aIslamic | ||
| 942 |
_2ddc _cBK _02 |
||